Guess only the real Pokémon names - Sudden Death - Statistics

General Stats
  • This quiz has been taken 196 times
  • The average score is 3 of 11
Answers on the Grid
Answers color-coded by a green-red scale on the quiz's grid according to % correct below.
Pikachu
Vespiquen
Lucaryo
Quilfish
Beartic
Wiglett
Wigtrio
Hammitah
Scorbyte
Gastly
Ninetales
Victreebell
Feralligatr
Vivilllon
Phanpy
Amololololololola
Politoed
Arkoos
Eevee
Yavultal
Topegi
Zacien
Flamquill
Bramblghast
Squakabilly
Vulcanion
Crabominable
Porygon 2
Stunkfisk
Pilkachu
Copernicium
Hippopotas
 
Answer Stats
Answer % Correct
Pikachu
100%
Vespiquen
43%
Beartic
42%
Wiglett
40%
Gastly
30%
Ninetales
25%
Eevee
12%
Phanpy
9%
Politoed
9%
Crabominable
6%
Hippopotas
6%
No matching quizzes found
Score Distribution
Percent of People with Each Score
Percentile by Number Answered
Your Score History
You have not taken this quiz